000 00599nam a22001937a 4500
999 _c14296
_d14296
003 AR-CdUCM
008 190329b ||||| |||| 00| 0 spa d
040 _aMUNICIPALIDAD PROVINCIAL DEL CUSCO
_cBIBLIOTECA MUNICIPAL DEL CUSCO
082 _aEP / 633.1 /
_bP48
100 _aPetersham, Maud y Miska.
_933027
245 _aEl libro del Arroz :
_bNarración para niños /
260 _bJuventud, S.A.,,
300 _bIlustraciones
_c20 cm
505 _aContenido :El libro de arroz .
650 _aHistorietas
_910786
650 _aCuentos
_9217
942 _2ddc
_cLIBROS
945 _arum
_d2019-04-22